000 01810nam a2200445 i 4500
001 30466
003 KOSZ 005
005 20220908150707.0
008 980702s1995 pl a f |000 0 pol
015 _aPB 1996/7705
020 _a8386123265
040 _aWA N
_cWA N
_dKOSZ 005/HR
046 _k1995
080 _a556.3
080 _a504.5:502.51
080 _a519.61/.65
100 1 _aSzymański, Kazimierz
_c(ochrona środowiska)
_eAutor
245 1 0 _aOcena zanieczyszczenia wód podziemnych /
_cKazimierz Szymański.
260 _aKoszalin :
_bWydawnictwo Uczelniane WSI,
_c1995.
300 _a159, [33] s., [6] k. tabl. kolor. :
_bmapy, rys., wykr. ;
_c24 cm.
336 _2rdacontent
_aTekst
_btxt
337 _2rdamedia
_aBez urządzenia pośredniczącego
_bn
338 _2rdacarrier
_aWolumin
_bnc
380 _aKsiążki
388 _a1901-2000
388 _a1989-2000
490 1 _a[Monografie] / Wyższa Szkoła Inżynierska w Koszalinie,
_x0239-7129 ;
_vnr 53.
500 _aNa s. red. : Monografia Wydziału Budownictwa i Inżynierii Środowiska.
504 _aBibliogr. s. 151-159.
650 4 _aAnaliza numeryczna
650 4 _aWody podziemne
650 4 _aDegradacja środowiska
658 _aOchrona środowiska
710 2 _aWydawnictwo Uczelniane (Wyższa Szkoła Inżynierska ; Koszalin)
_4pbl.
830 0 _aMonografia Wydziału Budownictwa i Inżynierii Środowiska - Wyższa Szkoła Inżynierska w Koszalinie.
830 0 _aMonografie - Wyższa Szkoła Inżynierska w Koszalinie
_vnr 53
856 _uhttp://dlibra.tu.koszalin.pl/dlibra/docmetadata?id=450
_yBiblioteka Cyfrowa
856 _uhttp://koha.tu.koszalin.pl/cgi-bin/koha/opac-detail.pl?biblionumber=30466
_yKatalog online BPK
942 _2UKD
_cKS
999 _c30466
_d30466